Biele knihy odborný slovník

Biele knihy sú dokumenty, ktoré sú zverejnené Európskou komisiou. Obsahujú návrhy opatrení v konkrétnych politických oblastiach v rámci Európskeho spoločenstva. Zoznam Bielych kníh od r. 1992 do r. 2008. Biele knihy pred r. 1990.

Salvato in:
Dettagli Bibliografici
Autore principale: Vidová, Jarmila, 1967-
Natura: Capitolo di libro
Lingua:slovacco
Soggetti:
Tags: Aggiungi Tag
Nessun Tag, puoi essere il primo ad aggiungerne!!

MARC

LEADER 00000nla$a2200000$$$4500
001 0112821
005 20240502072244.0
041 0 |a slo 
044 |a SK 
245 1 0 |a Biele knihy  |b odborný slovník  |c Jarmila Vidová 
520 |a Biele knihy sú dokumenty, ktoré sú zverejnené Európskou komisiou. Obsahujú návrhy opatrení v konkrétnych politických oblastiach v rámci Európskeho spoločenstva. Zoznam Bielych kníh od r. 1992 do r. 2008. Biele knihy pred r. 1990. 
610 2 0 |a Európske spoločenstvá 
610 2 0 |a Európska únia 
610 2 0 |a knihy 
100 1 |a Vidová, Jarmila, 1967-